00289nam a2200121Ia 4500008004100000041000800041100002100049245001900070260002800089300000900117520002500126650001600151230818s1987 xx 000 0 und d aeng aLillian Hogaland aFood Chemistry bC.B.S.Publicationc1987 a385p aGeneral | Hard Board aFood Safety